أنا مانستي ماعت فلسفة العدالة في مصر القديمة

محفوظ في:

التنسيق: كتاب

اللغة: Undetermined

منشور في: AL Qahirah 2009

الوسوم: إضافة وسم

لا توجد وسوم, كن أول من يضع وسما على هذه التسجيلة!

رقم الطلب: BL2450 M33 M3612

LEADER 00613nam a2200133Ia 4500
008 230909s9999||||xx |||||||||||||| ||und||
050 4 |a BL2450 M33 M3612 
245 1 0 |a أنا مانستي ماعت فلسفة العدالة في مصر القديمة  
264 1 |a AL Qahirah   |c 2009 
300 |a 144 P  |c 24CM 
942 |2 lcc  |c BK 
952 |0 0  |1 0  |2 lcc  |4 0  |6 BL2450 M33 M3612  |7 1  |9 49969  |a ARCE  |b ARCE  |d 2023-09-09  |l 0  |o BL2450 M33 M3612  |r 2023-09-09 00:00:00  |w 2023-09-09  |y BK 
952 |0 0  |1 0  |2 lcc  |4 0  |6 BL2450 M33 M3612  |7 1  |9 57476  |a ARCE  |b ARCE  |d 2023-12-12  |l 0  |o BL2450 M33 M3612  |p 1013533  |r 2023-12-12 00:00:00  |w 2023-12-12  |y BK 
999 |c 54592  |d 54592